| 000 | 00477nam a2200169 4500 | ||
|---|---|---|---|
| 003 | SEACOMEC | ||
| 005 | 20240515121014.0 | ||
| 008 | 240515b |||||||| |||| 00| 0 eng d | ||
| 040 | _aSEACOMEC | ||
| 082 |
_a621.381 _bH816 |
||
| 100 | _aHorowits, Paul | ||
| 245 |
_aThe Art of Electronics _cPaul Horowits and Winfield Hill |
||
| 250 | _a2nd ed | ||
| 260 |
_aCambridge _bCambridge University Press _c2004 |
||
| 650 | _aElectronics, communications engineering | ||
| 942 | _cBOOK | ||
| 999 |
_c1099 _d1099 |
||